Responses for Show #3513 - Wednesday, December 8, 1999

Contestants

[<< previous game]

Jeff Kirby, an elementary school teacher from Santa Maria, California

Amanda Folk, a paralegal from Columbia, South Carolina

Sam Raman, a telecom consultant from Boca Raton, Florida (whose 2-day cash winnings total $8,000)

[next game >>]

Jeopardy! Round responses

SCI-"FI"
WINE & CHEESE
BRITISHISMS
THE CINEMA
MAIDEN
JAPAN
    $100 1
fibula

Amanda
    $100 17
(Jeff: What is Denmark?)

Netherlands (Holland)

SamJeff
    $100 2
sausages

Sam
    $100 10
Nixon

Amanda
    $100 15
maiden name

Sam
    $100 26
Mount Fuji

Jeff
    $200 3
fission

Jeff
    $200 18
Limburger

Amanda
    $200 4
vest

Sam
    $200 11
Bowfinger

Sam
    $200 19
Maid Marian

Amanda
    $200 27
Buddha

Jeff
    $300 6
fig

Jeff
    $300 23
(Alex: Couldn't do the Orson Welles correctly!)

Paul Masson

Amanda
    $300 5
dump truck

Jeff
    $300 12
Clint Eastwood

Jeff
    $300 20
maiden voyage

Jeff
    $300 28
rickshaw

Amanda
    $400 7
filament

Sam
    $400 24
Cheddar

Amanda
    $400 8
eraser

Sam
    $400 13
(Jeff: Who is Ritchie Valens?)

La Bamba

SamJeff
    $400 21
maid of honor

Jeff
    $400 29
bullet train

Jeff
    $1,000 16
(Sam: What is fiberglass making?)

fiber optics

Sam
    $500 25
Merlot

Amanda
    $500 9
propeller

Amanda
    $500 14
Cabaret

Amanda
    $500 22
Rhine maidens

Triple Stumper
    $500 30
Kabuki

Jeff

Scores at the first commercial break (after clue 15):

Sam Amanda Jeff
$1,800 $1,200 $700

Scores at the end of the Jeopardy! Round:

Sam Amanda Jeff
$900 $3,100 $2,500

Double Jeopardy! Round responses

COLORFUL U.S. CITIES
PARDON MY ROBOT
MEDICAL EQUIPMENT
BEASTLY BOOKS
LET'S GET GRAPHIC
CATCHING SOME "Z"s
    $200 7
Orange

Sam
    $200 1
The Jetsons

Jeff
    $200 30
eye

Jeff
    $200 20
Jonathan Livingston Seagull

Sam
    $200 14
ink

Jeff
    $200 29
zucchini

Sam
    $400 8
Golden

Sam
    $400 2
Alien

Amanda
    $400 24
syringe

Sam
    $400 21
The Thorn Birds

Amanda
    $400 15
gray

Sam
    $400 27
Zeus

Sam
    $1,000 10
Green Bay

Amanda
    $600 3
Lost In Space

Sam
    $600 28
(Jeff: What is Lance?)

The Lancet

AmandaJeff
    $600 19
Clan of the Cave Bear

Jeff
    $600 16
Adobe

Jeff
    $600 6
Zaire

Amanda
    $800 11
White Plains

Triple Stumper
    $800 4
Cylons

Triple Stumper
    $800 25
suture

Amanda
    $200 22
The Naked Ape

Amanda
    $800 17
proof

Sam
    $800 9
zither

Amanda
    $1000 12
Brownsville

Sam
    $1000 5
(Sam: What is "Robert's Universal Robots"?)

R.U.R. ("Rossum's Universal Robots")

Sam
Triple Stumper
    $1000 26
forceps

Triple Stumper
    $1000 23
The Day of the Locust

Triple Stumper
    $1000 18
(Sam: What is America Online?)

CompuServe

Sam
Triple Stumper
    $1000 13
(Jeff: What is a zlota?)

zloty

Jeff
Triple Stumper

Scores at the end of the Double Jeopardy! Round:

Sam Amanda Jeff
$3,500 $7,900 $2,700
(lock game)

[wagering suggestions for these scores]

Final Jeopardy! Round responses

AUTOMOTIVE HISTORY
JeffWho is Porsche?
$1,000
SamWho is Porsche
$2,000
AmandaWho is Mercedes?
$100
Ferdinand Porsche

Final scores:

Sam Amanda Jeff
$5,500 $7,800 $3,700
2nd place: Sony Home Entertainment System featuring WebTV New champion: $7,800 3rd place: Polaroid Photomax Digital Camera Creative Kit

Game dynamics:

Coryat scores:

Sam Amanda Jeff
$4,500 $8,100 $2,700
18 R,
3 W
(including 1 DD)
18 R
(including 2 DDs),
0 W
15 R,
4 W

Combined Coryat: $15,300

[game clues] [game scores] [suggest correction]

Game tape date: 1999-09-14
The J! Archive is created by fans, for fans. Scraping, republication, monetization, and malicious use prohibited; this site may use cookies and collect identifying information. See terms. The Jeopardy! game show and all elements thereof, including but not limited to copyright and trademark thereto, are the property of Jeopardy Productions, Inc. and are protected under law. This website is not affiliated with, sponsored by, or operated by Jeopardy Productions, Inc. Join the discussion at JBoard.tv.